01668 a2200157 4500999001700000020001800017082001400035245006600049260004800115300001000163520110400173650006801277700001901345942001201364952013401376 c26159d26159 a9789385755958 a954bIND- aIndia dissentsb3000 years of difference, doubt and argument  bSpeaking Tiger Publishing c2017aNew Delhi a553p. aThroughout Indian history, various individuals and groups have questioned, censured and debated authority—be it the state or empire, religious or political traditions, caste hierarchies, patriarchy or even the idea of god. These dissenting voices have persisted despite all attempts made to silence them. They have inspired revolutions and uprisings, helped preserve individual dignity and freedom, and promoted tolerance and a plurality in thought and lifestyle. India Dissents: 3,000 Years of Difference, Doubt and Argument brings together some of these voices that have sustained India as a great and vibrant civilization. Collected in these pages are essays, letters, reports, poems, songs and calls to action—from texts ranging from the Rig Veda to Ambedkar’s Annihilation of Caste; and by thinkers as varied as the Buddha, Akka Mahadevi, Lal Ded, Nanak, Ghalib, Tagore, Gandhi, Manto, Jayaprakash Narayan, Namdeo Dhasal, Mahasweta Devi and Amartya Sen. Their words embody the undying and essential spirit of dissent in one of the world’s most diverse, dynamic and oldest civilizations. aDemocracyvConstitutional lawvDissentersvCivilization.zIndia aVajpeyi, Ashok 2ddccBK 00104070aNASSDOCbNASSDOCd2020-07-06eOPg364.27i2020-06-11l0o954 IND-p50925r2020-07-13 00:00:00v499.00w2020-06-11yBK